Haikyuu!! Guess the Character by Image - Statistics

General Stats
  • This quiz has been taken 134 times
    86 since last reset
  • The average score is 4 of 16
Answer Stats
Picture Answer % Correct
Daichi Sawamura
100%
Eita Semi
100%
Kageyama Tobio
100%
Lev Haiba
100%
Ryûnosuke Tanaka
100%
Satori Tendō
100%
Tsutomu Goshiki
100%
Wakatoshi Ushijima
100%
Kei Tsukishima
88%
Asahi Azumane
86%
Kōshi Sugawara
86%
Osamu Miya
86%
Kenma Kozume
82%
Hajime Iwaizumi
80%
Keiji Akaashi
80%
Tadashi Yamaguchi
80%
Aran Ojiro
75%
Kōtarō Bokuto
75%
Rintarō Suna
70%
Kentarō Kyōtani
67%
Shinsuke Kita
67%
Shōyō Hinata
67%
Tenma Udai
67%
Tōru Oikawa
67%
Kiyoomi Sakusa
64%
Kenjirō Shirabu
60%
Kōrai Hoshiumi
60%
Suguru Daishō
60%
Takanobu Aone
60%
Yū Nishinoya
60%
Reon Ōhira
57%
Akira Kunimi
56%
Kazuhito Narita
56%
Haruki Komi
50%
Kamame Moniwa
50%
Shōhei Fukunaga
50%
Takahiro Hanamaki
50%
Taketora Yamamoto
50%
Tetsurō Kuroo
50%
Yūji Terushima
50%
Hisashi Kinoshita
43%
Atsumu Miya
40%
Morisuke Yaku
40%
Yūtarō Kindaichi
40%
Issei Matsukawa
38%
Chikara Ennoshita
33%
Kanji Koganegawa
33%
Kazuma Chaya
33%
Tarō Onagawa
33%
Motoya Komori
29%
Sachirō Hirugami
29%
Sō Inuoka
29%
Naoyasu Kuguri
25%
Hayato Ikejiri
22%
Jingo Fukiage
20%
Kai Akakura
20%
Ren Ōmimi
20%
Rintarō Numajiri
20%
Takeru Nakashima
20%
Yūto Kosaku
18%
Akinori Konoha
17%
Hiroki Kurokawa
17%
Yoshitomo Atema
17%
Hikaru Komaki
14%
Takehito Sasaya
14%
Yamato Sarukui
14%
Yūki Shibayama
14%
Akiteru Tsukishima
13%
Kenji Futakuchi
13%
Shigeru Yahaba
13%
Yoshiki Towada
13%
Yūdai Hyakuzawa
13%
Aikichi Suwa
0%
Akifumi Kaikake
0%
Akihiko Seguro
0%
Aoi Himekawa
0%
Arata Tsuchiyu
0%
Ayumu Moritake
0%
Chiharu Tsukioka
0%
Daiki Ogano
0%
Dai Mikawa
0%
Eiji Makado
0%
Eikichi Chigaya
0%
Gao Hakuba
0%
Haruma Bishin
0%
Hayato Yamagata
0%
Heisuke Riseki
0%
Heisuke Shido
0%
Hidemi Tashiro
0%
Hiroki Tamagawa
0%
Hisahiko Wakura
0%
Hitoshi Ginjima
0%
Ibuki Natsuse
0%
Iori Kanazawa
0%
Isao Inakagi
0%
Isao Norikura
0%
Isumi Sakishima
0%
Itaru Shiramine
0%
Izuru Nozawa
0%
Jin Soekawa
0%
Junji Kuroishi
0%
Kaito Asamushi
0%
Kaneo Yuda
0%
Katsumichi Higashiyama
0%
Kazuki Maruyama
0%
Kazuma Bobata
0%
Kazuma Numai
0%
Kazumasa Hanayama
0%
Kazutaka Yoshikawa
0%
Kazuteru Akiu
0%
Kazuyoshi Bessho
0%
Keiichirō Kanbayashi
0%
Keisuke Unnan
0%
Kenko Nanasawa
0%
Kenrō Fukatani
0%
Kōji Hiroo
0%
Kōji Yukawa
0%
Kōsuke Sakunami
0%
Liam Tokura
0%
Masaki Gōra
0%
Masaru Kodama
0%
Michinari Akagi
0%
Michiru Usuri
0%
Motoki Teradomari
0%
Motomu Sawauchi
0%
Naoharu Ezota
0%
Noboru Akimiya
0%
Nobuyoshi Īzaka
0%
Nobuyuki Kai
0%
Noriaki Shimafu
0%
Nozomu Mami
0%
Rikuto Shibuya
0%
Ryōji Yamazaki
0%
Ryōsei Kai
0%
Sakae Echigo
0%
Seiji Okudake
0%
Shingo Sengoku
0%
Shinji Watari
0%
Shōta Naguri
0%
Shūichi Anahori
0%
Shunki Kawatabi
0%
Shun Yokote
0%
Sō Akama
0%
Sōji Yamashiro
0%
Sōma Oyasu
0%
Subaru Hondo
0%
Taichi Kawanishi
0%
Taiga Sakurai
0%
Taishi Minamida
0%
Takeharu Futamata
0%
Takumi Karamatsu
0%
Tamahiko Teshiro
0%
Tatsuki Washio
0%
Teppei Naruko
0%
Tōgo Iwamuro
0%
Tomonari Shiga
0%
Tomozaku Wajima
0%
Toshimi Nakagawa
0%
Tsukasa Iizuna
0%
Tsuyoshi Matsushima
0%
Umeda
0%
Wakatsu Kiryū
0%
Wataru Onaga
0%
Yasushi Kamasaki
0%
Yōhei Ashiya
0%
Yoshiaki Nurukawa
0%
Yoshiharu Haga
0%
Yoshiya Takachiho
0%
Yū Akatani
0%
Yūji Isehara
0%
Yūki Shiroishi
0%
Yūki Tazawa
0%
Yunohama
0%
Yu Shibata
0%
Yūshi Maiko
0%
Yūshō Sagae
0%
Yutaka Obara
0%
Yuzuru Komaki
0%
No matching quizzes found
Score Distribution
Percent of People with Each Score
Percentile by Number Answered
Your Score History
You have not taken this quiz since the last reset